Statystyki dla Państwa z największą ilością policjantów

Kliknij tutaj aby rozwiązać quiz!

Ogólne statystyki

  • Ten quiz został rozwiązany 183 razy
  • Średni wynik to 19 z 41

Statystyki odpowiedzi

liczba policjantówpaństwo% Poprawnych
liczba policjantów na 100000 osóbpaństwo
99%
686,665Stany Zjednoczone
97%
515Rosja
94%
756,859Rosja
94%
2,000,000Chiny
92%
279,200Niemcy
86%
282,612Francja
82%
436,514Brazylia
80%
1,926,000Indie
79%
296,700Japonia
79%
533Hiszpania
70%
249,907Hiszpania
70%
544,000Meksyk
69%
276,750Włochy
65%
798Argentyna
61%
350,000Argentyna
61%
412,624Turcja
56%
524Turcja
56%
579,000Indonezja
52%
193,000Republika Południowej Afryki
50%
354,221Pakistan
46%
350,000Nigeria
38%
256,344Bangladesz
36%
230,000Tajlandia
35%
170,000Filipiny
30%
15,439Watykan
28%
1,302Monako
27%
517Urugwaj
22%
635Serbia
17%
709Dominika
14%
564Macedonia Północna
11%
793Nauru
10%
793Bahamy
9%
1,068Brunei
9%
677Czarnogóra
9%
695Antigua i Barbuda
8%
676Tuvalu
8%
871Grenada
7%
973Saint Kitts i Nevis
6%
628Saint Vincent i Grenadyny
6%
987Mauritius
5%

Rozkład punktacji

Percentyl według liczby udzielonych odpowiedzi

Procent ludzi z każdym wynikiem

Twoja historia wyników

Nie rozwiązałeś tego quizu